[Event "SRB-chT 1st League Men 2018"]
[Site "Valjevo"]
[Date "2018.09.09"]
[Round "10"]
[White "Cabarkapa, Novak"]
[Black "Lapcevic, Milos"]
[Result "1/2-1/2"]
[WhiteElo "2437"]
[BlackElo "2368"]
[Annotator "TA"]
[PlyCount "54"]
[EventDate "2018.08.31"]
[EventType "team-tourn"]
[EventCountry "SRB"]
[SourceTitle "playchess.com"]
[Source "ChessBase"]
[SourceQuality "1"]

{[%evp 9,54,30,25,22,23,17,31,31,33,0,0,0,0,0,0,0,2,-31,-25,-27,-38,-53,-53,-55,-47,-52,-48,-50,-64,-67,-56,-55,-42,-49,-40,-41,-23,-17,-14,-25,0,0,0,0,8,0,16]} 1. e4 c5 2. Nc3 d6 3. d4 cxd4 4. Qxd4 Nf6 (4... Nc6 5. Qd2 Nf6 6. b3 e6 7. Bb2 a6 8. O-O-O b5 9. f3 h5 10. Nh3 Be7 11. Ng5 {1-0 (31) Carlsen,M (2843)-Wojtaszek,R (2744) Shamkir 2018}) 5. Bg5 Nc6 6. Qd2 $146 {B23: Closed Sicilian: Lines without g3} ({Predecessor:} 6. Bb5 Bd7 7. Bxc6 Bxc6 8. O-O-O e6 9. f4 Be7 10. Nf3 O-O 11. Qd3 a6 12. Nd4 Qc7 13. Kb1 Rfd8 14. f5 Nxe4 15. Nxe4 Bxe4 16. Qxe4 Bxg5 17. fxe6 d5 18. Qg4 Bf6 19. Rhf1 Kh8 20. exf7 Qxf7 {½-½ (39) Asadli,V (2127)-Paramzina,A (2083) Marianske Lazne 2015}) 6... e6 7. O-O-O a6 8. f4 {White is slightly better.} h6 9. Bh4 (9. Bxf6 {feels hotter.} Qxf6 10. Nf3 Qd8 11. g4 Bd7 12. h4) 9... Nxe4 10. Nxe4 Qxh4 11. Nxd6+ Bxd6 12. Qxd6 Qe7 13. Qd2 O-O 14. Nf3 b5 15. Qe3 Bb7 16. Ne5 Rfd8 17. Rxd8+ Rxd8 18. Nxc6 Bxc6 19. Rg1 $1 Bd5 20. Kb1 {[#]} Be4 $1 {[%mdl 512] White must now prevent ...Qc5.} 21. Bxb5 {[#]} (21. Qxe4 Rd1#) 21... Bxc2+ $1 {[%mdl 512]} 22. Kxc2 axb5 $15 {KQR-KQR} 23. Rd1 Ra8 24. Kb1 $1 Qb4 25. Rd4 {The position is equal.} Qa5 26. a3 Rc8 27. g3 Qc7 {Precision: White = 70%, Black = 76%.} 1/2-1/2

[Event "SRB-chT 1st League Men 2018"]
[Site "Valjevo"]
[Date "2018.09.09"]
[Round "10"]
[White "Radovanovic, Mihajlo"]
[Black "Ivic, Velimir"]
[Result "1/2-1/2"]
[WhiteElo "2427"]
[BlackElo "2472"]
[Annotator "TA"]
[PlyCount "39"]
[EventDate "2018.08.31"]
[EventType "team-tourn"]
[EventCountry "SRB"]
[SourceTitle "playchess.com"]
[Source "ChessBase"]
[SourceQuality "1"]

{[%evp 30,39,0,0,0,-4,0,0,0,0,0,-7]} 1. Nf3 Nf6 2. c4 g6 3. d4 Bg7 4. g3 O-O 5. Bg2 d6 6. O-O Nc6 7. Nc3 e5 8. dxe5 dxe5 9. Qxd8 Rxd8 10. Bg5 Be6 11. Nd2 h6 {E62: King's Indian: Fianchetto: 6...c6 and Panno Variation (6...Nc6) without ...a6} 12. Bxf6 Bxf6 13. Nde4 Be7 14. Nd5 Rac8 15. Nxe7+ Nxe7 16. b3 {LiveBook: 4 Games. The position is equal.} b6 17. Rfd1 f5 18. Nc3 c6 19. e4 {[#]} Kf7 $146 20. Ne2 1/2-1/2

[Event "SRB-chT 1st League Men 2018"]
[Site "Valjevo"]
[Date "2018.09.09"]
[Round "10"]
[White "Vucinic, Gojko"]
[Black "Bogosavljevic, Boban"]
[Result "0-1"]
[WhiteElo "2411"]
[BlackElo "2518"]
[Annotator "TA"]
[PlyCount "64"]
[EventDate "2018.08.31"]
[EventType "team-tourn"]
[EventCountry "SRB"]
[SourceTitle "playchess.com"]
[Source "ChessBase"]
[SourceQuality "1"]

{[%evp 21,64,53,55,0,26,10,35,19,18,-18,-19,-26,-31,-67,-52,-55,-54,-63,-55,-66,-66,-66,-64,-79,-64,-65,-60,-81,-81,-86,-83,-109,-102,-104,-110,-103,-77,-81,-78,-138,-127,-1037,-1000,-29997,-29998]} 1. e4 c5 2. Nf3 Nc6 3. d4 cxd4 4. Nxd4 g6 5. c4 Nf6 6. Nc3 d6 7. Be2 Nxd4 8. Qxd4 Bg7 9. Bg5 O-O 10. Qd2 Bd7 11. O-O {B36: Sizilianisch (Maroczy-Aufbau)} Bc6 {LiveBook: 11 Partien} 12. Qe3 $146 ({Lieber} 12. f3 $14) ({Vorgänger:} 12. f3 a5 13. Rab1 Re8 14. Rfd1 a4 15. Nb5 Qb8 16. Kh1 b6 17. Be3 Nd7 18. Nc3 Nc5 {½-½ (33) Popelka,M (2454)-Mehlhorn,U (2545) ICCF email 2007}) 12... Nd7 {[%cal Bf6d7,Bd7c5,Bc5e4,Be4c3][%mdl 32]} 13. Rac1 {Weiß hat minimalen Vorteil.} a5 14. b3 Nc5 15. Rfd1 Bxc3 16. Rxc3 Nxe4 17. Bh6 Nxc3 18. Qxc3 {[%csl Gh6][%cal Rc3g7] [#]} f6 19. Bg4 Rf7 20. Be6 Bd7 $1 {[%cal Rd7e6]} 21. Bxf7+ Kxf7 22. c5 Qc8 23. Qd4 Ra6 24. Bc1 Be6 25. Ba3 {[%cal Rc5d6]} dxc5 26. Bxc5 Rc6 27. Qh4 h5 ({Natürlich nicht} 27... Rxc5 $6 28. Qxh7+ Ke8 29. Qh8+ Kf7 30. Qh7+ Kf8 31. Qh6+ Kg8 32. Qxg6+ Kh8 33. Qh6+ Kg8 34. Qg6+ Kh8 35. Qh6+ Kg8 36. Qg6+ $11) 28. Be3 Bg4 29. f3 Bf5 $40 {[%mdl 128] Schwarz riecht Blut.} 30. Qa4 ({Besser ist} 30. Qe1) 30... Qe6 $17 31. Re1 $2 {[%mdl 8192] [#]} (31. Kf2 $17) 31... Rc1 $1 $19 {[%mdl 512] ( -> ...Dxe3+)} 32. Qh4 (32. Rxc1 Qxe3+) 32... Qxe3+ $1 {Precision: Weiß = 25%, Schwarz = 81%.} 0-1

[Event "SRB-chT 1st League Men 2018"]
[Site "Valjevo"]
[Date "2018.09.09"]
[Round "10"]
[White "Djordjevic, Vuk"]
[Black "Damjanovic, Vladimir"]
[Result "1/2-1/2"]
[WhiteElo "2404"]
[BlackElo "2412"]
[Annotator "TA"]
[PlyCount "82"]
[EventDate "2018.08.31"]
[EventType "team-tourn"]
[EventCountry "SRB"]
[SourceTitle "playchess.com"]
[Source "ChessBase"]
[SourceQuality "1"]

{[%evp 9,82,-27,0,-4,0,-8,-14,-15,-10,-25,-22,-36,-37,-36,-26,-53,-56,-48,-39,-63,-50,-39,-37,-38,-40,-108,-110,-111,-78,-106,-97,-106,-88,-108,-54,-53,-53,-55,-54,-67,-8,-72,-66,-79,-77,-80,-8,-7,-9,-18,0,0,0,0,0,-8,0,0,0,0,0,0,0,0,0,0,0,0,0,0,0,0,0,0,0]} 1. d4 c5 2. e3 d5 3. Nf3 Bg4 (3... Nc6 4. Bd3 Bg4 5. c3 Nf6 6. Nbd2 e5 7. dxe5 Nxe5 8. Bb5+ Nc6 9. O-O Be7 10. Bxc6+ bxc6 11. Qa4 O-O 12. Ne5 Bd7 13. Nxd7 Qxd7 14. b3 {1-0 (47) Tomashevsky,E (2710)-Potkin,V (2574) Sochi 2017}) 4. Bb5+ Nc6 5. c3 cxd4 6. exd4 {D02: 1 d4 d5 2 Nf3 sidelines, including 2...Nf6 3 g3 and 2...Nf6 3 Bf4} Qb6 7. Bd3 e6 $146 ({Predecessor:} 7... Nf6 8. Nbd2 e6 9. Qa4 Bxf3 10. Nxf3 Be7 11. Ne5 O-O 12. g4 Rfd8 13. Nxc6 bxc6 {1-0 (23) Eber,F (2004)-Homola,U Forchheim 2013}) 8. O-O Bd6 9. b4 Nf6 10. Be3 O-O 11. Nbd2 Rfc8 12. Qb1 Ne7 13. Rc1 Bf5 14. Bg5 a5 {[%cal Ra5b4]} 15. Bxf6 gxf6 16. Bxf5 Nxf5 17. a3 (17. b5 $1 $15) 17... axb4 $17 18. axb4 Qb5 19. Rxa8 Rxa8 20. Qb3 Qd3 21. g3 b5 (21... Rc8 $17 22. Qb2 e5) 22. Qc2 $15 Qxc2 23. Rxc2 Ra3 24. Kg2 e5 (24... Kf8 $15) 25. g4 (25. dxe5 $11 fxe5 26. Nf1) 25... Ne7 $17 26. dxe5 fxe5 27. Ng1 e4 (27... f5 $17 28. gxf5 Nxf5) 28. Ne2 $11 {The position is equal.} Be5 29. f4 Bg7 30. Nf1 f5 31. h3 Kf7 32. Kf2 Ke6 33. Ne3 Bf6 34. g5 Bxc3 35. Rxc3 Rxc3 36. Nxc3 d4 37. Nxb5 dxe3+ 38. Ke2 Nd5 $1 {[%cal Rd5f4]} 39. Nd4+ Kd7 40. Nxf5 {[#] aiming for h4.} Nxf4+ 41. Kxe3 Nxh3 {Precision: White = 49%, Black = 53%.} 1/2-1/2

[Event "SRB-chT 1st League Men 2018"]
[Site "Valjevo"]
[Date "2018.09.09"]
[Round "10"]
[White "Sarenac, Ivan"]
[Black "Popovic, Dusan"]
[Result "1/2-1/2"]
[WhiteElo "2385"]
[BlackElo "2517"]
[Annotator "TA"]
[PlyCount "64"]
[EventDate "2018.08.31"]
[EventType "team-tourn"]
[EventCountry "SRB"]
[SourceTitle "playchess.com"]
[Source "ChessBase"]
[SourceQuality "1"]

{[%evp 19,64,43,41,33,52,27,41,0,12,0,17,-48,16,-161,-2,-2,-1,-37,-35,-71,-65,-69,-76,-68,-75,-72,-83,-88,-77,-120,-102,-85,-59,-59,-59,-59,-61,-51,-25,-25,-25,-26,-26,-26,-25,-27,-26]} 1. e4 g6 2. d4 Bg7 3. Nc3 d6 4. Be3 a6 5. Qd2 b5 6. h4 {B06: Modern Defence} Nf6 7. f3 Bb7 (7... Nbd7 8. g4 h6 9. O-O-O Nb6 10. b3 Bb7 11. Nge2 Nfd7 12. Ng3 c5 13. h5 cxd4 14. Bxd4 {1-0 (21) Volokitin,A (2628)-Malakhov,V (2686) Riadh 2017}) 8. O-O-O Nbd7 9. g4 h6 10. Nh3 Nb6 {LiveBook: 8 Games} 11. a3 Nfd7 12. Kb1 $146 ({Predecessor:} 12. h5 g5 13. f4 gxf4 14. Nxf4 {1-0 (31) Haring,F (2277)-Pechac,J (2449) Slovakia 2017}) 12... c5 13. dxc5 dxc5 14. Be2 Qc7 15. Nf2 (15. h5 $11) 15... O-O-O (15... b4 $1 $15 16. axb4 cxb4) 16. Bxb5 $2 (16. Bf4 $11 {and White stays safe.} Be5 17. Bxe5 (17. Bxh6 $2 Bxc3 18. bxc3 Na4 $17) 17... Nxe5 18. Qf4) 16... Nb8 $2 (16... axb5 $19 17. Nxb5 Nc4) 17. Nd3 $1 $11 ({Reject} 17. Bd3 c4 $17) 17... Bxc3 18. Qxc3 {[#] Bf4 is the strong threat.} axb5 19. Qxc5 Nc4 20. Qxc7+ $1 Kxc7 21. Bf4+ Kc8 22. b3 Nd6 23. Ne5 Nc6 24. Rxd6 Rxd6 25. Nxf7 Rf8 26. Nxd6+ exd6 27. Bxh6 Rxf3 {Strongly threatening ...Ne5.} 28. h5 $1 Ne5 29. Bg7 $1 {[%cal Rg7e5] Black has an edge.} gxh5 30. Bxe5 dxe5 31. Rxh5 Bxe4 {[#] Threatens to win with ...Rxb3+.} 32. Rxe5 Bc6 {Precision: White = 47%, Black = 55%.} 1/2-1/2

[Event "SRB-chT 1st League Men 2018"]
[Site "Valjevo"]
[Date "2018.09.09"]
[Round "10"]
[White "Krstic, Petar"]
[Black "Munizaba, Slobodan"]
[Result "1/2-1/2"]
[WhiteElo "2323"]
[BlackElo "2426"]
[Annotator "TA"]
[PlyCount "22"]
[EventDate "2018.08.31"]
[EventType "team-tourn"]
[EventCountry "SRB"]
[SourceTitle "playchess.com"]
[Source "ChessBase"]
[SourceQuality "1"]

{[%evp 16,22,79,62,70,59,60,39,47]} 1. d4 c5 2. d5 e5 3. e4 d6 4. Nc3 a6 5. a4 Be7 6. Nf3 Bg4 7. Be2 Bxf3 8. Bxf3 Bg5 {A44: Alt-Benoni} 9. a5 {LiveBook: 8 Partien} Nd7 {Weiß steht etwas besser.} (9... Bxc1 10. Qxc1 Ne7 11. O-O O-O 12. Nb1 f5 13. Nd2 Nd7 14. exf5 Nxf5 15. Bg4 Qh4 16. Ra4 {½-½ (47) Postny,E (2631)-Dimitrov,R (2445) Bastia 2013}) 10. O-O h5 $146 ({Vorgänger:} 10... Bxc1 11. Qxc1 Ngf6 12. Nd1 O-O 13. Ne3 g6 14. Nc4 Qc7 15. Ra3 Kg7 16. Qg5 {1-0 (72) Gongora Reyes,M (2436)-Sospedra Sebastian,J (2294) Mislata 2008}) 11. Be2 g6 1/2-1/2

[Event "SRB-chT 1st League Men 2018"]
[Site "Valjevo"]
[Date "2018.09.09"]
[Round "10"]
[White "Sarenac, David"]
[Black "Lukovic, Vladimir"]
[Result "1-0"]
[WhiteElo "2272"]
[BlackElo "2439"]
[Annotator "TA"]
[PlyCount "105"]
[EventDate "2018.08.31"]
[EventType "team-tourn"]
[EventCountry "SRB"]
[SourceTitle "playchess.com"]
[Source "ChessBase"]
[SourceQuality "1"]

{[%evp 29,105,32,38,31,19,14,18,12,12,18,15,23,70,73,73,62,77,71,95,95,114,95,104,84,169,162,161,123,171,152,113,101,105,50,32,13,314,322,387,383,368,370,415,407,383,398,398,384,364,227,1714,673,7826,12828,29971,29972,29972,29973,29973,29974,29974,29975,29974,29975,29981,29982,29982,29983,29981,0,5494,903,735,663,2138,2064,1943,1897]} 1. e4 e5 2. Nf3 Nc6 3. Bb5 a6 4. Ba4 Nf6 5. O-O Be7 6. Re1 b5 7. Bb3 d6 8. c3 O-O 9. h3 h6 10. d4 Re8 11. Nbd2 Bf8 12. Nf1 Bb7 13. Ng3 Na5 14. Bc2 Nc4 15. a4 {[%cal Ba2a4,Ba4a5][%mdl 32]} Nb6 {LiveBook: 5 Games. C93: Closed Ruy Lopez: Smyslov Variation} (15... d5 16. b3 dxe4 17. Nxe4 Nxe4 18. Rxe4 Bxe4 19. Bxe4 Nb6 20. Bxa8 Nxa8 21. axb5 axb5 22. Be3 exd4 23. Nxd4 Qd5 24. Qg4 h5 25. Qg3 c5 26. Nxb5 Qxb3 27. Qf3 Qxb5 {½-½ (27) Shirov,A (2679)-Azarov,S (2577) Czech Republic 2017}) 16. a5 Nbd7 $1 17. b3 exd4 {The position is equal.} 18. cxd4 c5 19. d5 $146 ({Predecessor:} 19. Bb2 cxd4 20. Qxd4 Rc8 21. Bd3 Re6 22. Nd2 Qe8 23. Rec1 Nc5 24. Kh2 {½-½ (37) Ihlebaek,R (2010)-Roloff,H corr 1992}) 19... g6 20. Bf4 Ne5 21. Nxe5 dxe5 22. Be3 h5 23. Nf1 {[%cal Bg3f1,Bf1h2,Bh2g4][%mdl 32]} h4 24. Nh2 Nh5 25. Qd2 Rc8 26. Bd1 {Threatens to win with Bxh5.} Ng7 (26... Nf6 $16 {keeps fighting.}) 27. Ng4 $18 f6 28. f4 exf4 29. Bxf4 Nh5 30. Bh2 Ng3 31. Bc2 ({Better is} 31. Bxg3 $16 hxg3 32. Bc2) 31... Bg7 $1 $14 32. Rad1 c4 $2 {[%mdl 8192]} (32... f5 $1 $11 {and Black stays safe.} 33. Bxg3 hxg3 34. exf5 Qxd5 35. Qxd5+ Bxd5) 33. bxc4 $18 Rxc4 {[%cal Rg3e4]} 34. Bxg3 hxg3 35. d6 {[%cal Bd5d6,Bd6d7][%mdl 32]} Kh7 36. d7 Re7 {Hoping for ...Bc6.} 37. e5 fxe5 {[#]} 38. Bxg6+ $1 {[%mdl 512]} Kxg6 39. Qd6+ Kf7 $2 (39... Kh7 40. Nf6+ Bxf6 41. Qxf6 Rc6 42. Qxe7+ Qxe7) 40. Rf1+ (40. Nxe5+ $142 Rxe5 41. Rxe5 Bxe5 42. Qxe5) 40... Rf4 {[#]} 41. Nxe5+ $1 {[%mdl 512]} Bxe5 (41... Rxe5 42. Rxf4+) 42. Rxf4+ Bxf4 43. Qxf4+ Kg8 44. Qg5+ Kh7 45. Qh4+ Kg7 46. Qxg3+ Kh7 47. Qh4+ Kg7 48. Qg5+ Kh7 49. Qh4+ (49. Qf5+ $142 Kg8 50. Qg6+ Kh8 51. Rd4 Re1+ 52. Kh2 Qc7+ 53. Qd6 Qxd6+ 54. Rxd6) 49... Kg7 $1 50. Qd4+ (50. Rd6 $142 Be4 51. Qg5+ Kh8 52. Rd4 Qxd7 53. Qh5+ Kg7 54. Rxd7 Rxd7 55. Qg4+ Kf6 56. Qxd7) 50... Kf7 51. Qb6 Rxd7 52. Qxd8 Rxd8 53. Rxd8 {Precision: White = 61%, Black = 42%.} 1-0

[Event "SRB-chT 1st League Men 2018"]
[Site "Valjevo"]
[Date "2018.09.10"]
[Round "11"]
[White "Berkes, Ferenc"]
[Black "Ivanisevic, Ivan"]
[Result "*"]
[WhiteElo "2678"]
[BlackElo "2578"]
[Annotator "TA"]
[PlyCount "26"]
[EventDate "2018.08.31"]
[EventType "team-tourn"]
[EventCountry "SRB"]
[SourceTitle "playchess.com"]
[Source "ChessBase"]
[SourceQuality "1"]

{[%evp 20,26,14,0,0,0,35,0,10]} 1. d4 Nf6 2. Nf3 e6 3. g3 c5 4. Bg2 cxd4 5. O-O Nc6 6. Nxd4 Bc5 7. Nxc6 bxc6 8. c4 O-O 9. Nc3 d5 10. Qc2 {E01: Catalan: Early deviations} Ba6 11. b3 {LiveBook: 4 Games} Be7 12. Rd1 Qc8 13. Bb2 $146 ({Predecessor:} 13. Na4 Rd8 14. Bb2 Rb8 15. Be5 Rb7 16. cxd5 cxd5 17. Qb2 Ng4 {1-0 (35) Cosma,I (2473)-Manea,A (2261) Sovata 1999}) 13... dxc4 *

[Event "SRB-chT 1st League Men 2018"]
[Site "Valjevo"]
[Date "2018.09.10"]
[Round "11"]
[White "Kuzubov, Yuriy"]
[Black "Indjic, Aleksandar"]
[Result "1/2-1/2"]
[WhiteElo "2652"]
[BlackElo "2585"]
[Annotator "TA"]
[PlyCount "39"]
[EventDate "2018.08.31"]
[EventType "team-tourn"]
[EventCountry "SRB"]
[SourceTitle "playchess.com"]
[Source "ChessBase"]
[SourceQuality "1"]

{[%evp 18,39,12,0,0,0,0,5,0,0,0,-7,0,0,0,0,0,0,0,0,0,0,0,0]} 1. c4 c5 2. Nf3 Nf6 3. Nc3 Nc6 4. g3 d6 5. Bg2 g6 6. d4 cxd4 7. Nxd4 Bd7 8. O-O Bg7 9. e3 {A31: Symmetrical English: 2 Nf3 Nf6 3 d4} h5 10. h4 {LiveBook: 3 Games. The position is equal.} O-O 11. b3 Rc8 $146 ({Predecessor:} 11... Qa5 12. Bb2 Rfc8 13. Qd2 Rab8 14. Rfd1 a6 15. a4 Bg4 16. Nce2 Qxd2 17. Rxd2 {½-½ (125) Vovk,Y (2591)-Melkumyan,H (2647) Warsaw 2014}) 12. Bb2 a6 13. Qe2 Qa5 14. a3 Rfe8 15. Rac1 Qb6 16. Na4 Qa5 17. Nc3 Qb6 18. Na4 Qa5 19. Nc3 Qb6 20. Na4 1/2-1/2

[Event "SRB-chT 1st League Men 2018"]
[Site "Valjevo"]
[Date "2018.09.10"]
[Round "11"]
[White "Predojevic, Borki"]
[Black "Yilmaz, Mustafa"]
[Result "1/2-1/2"]
[WhiteElo "2624"]
[BlackElo "2633"]
[Annotator "TA"]
[PlyCount "51"]
[EventDate "2018.08.31"]
[EventType "team-tourn"]
[EventCountry "SRB"]
[SourceTitle "playchess.com"]
[Source "ChessBase"]
[SourceQuality "1"]

{[%evp 45,51,0,0,0,0,-10,0,-6]} 1. Nf3 Nf6 2. d4 d5 3. c4 e6 4. Bg5 Be7 5. Nc3 h6 6. Bxf6 Bxf6 7. e3 O-O 8. Rc1 c6 9. Bd3 Nd7 10. O-O dxc4 11. Bxc4 e5 12. h3 exd4 13. exd4 Nb6 14. Bb3 Re8 15. Re1 Bf5 16. Rxe8+ Qxe8 17. Qd2 a5 18. a3 Qd7 19. Re1 Re8 20. Rxe8+ Qxe8 21. Qf4 Be6 {D55: Damengambit (Hauptvariante, Abweichungen - Alte Lasker-Variante, etc.)} 22. Bxe6 Qxe6 23. Qb8+ Qc8 {[#] LiveBook: 6 Partien. Die Stellung ist ausgeglichen.} 24. Qxc8+ $146 ({Vorgänger:} 24. Qa7 Nc4 25. b3 Nxa3 26. Qxa5 Nc2 27. Ne4 Be7 28. Nc5 Bf6 29. Qc3 {½-½ (60) Gozzoli,Y (2565)-Meier,G (2647) chess.com INT 2018}) 24... Nxc8 25. Ne4 Be7 26. Kf1 1/2-1/2

[Event "SRB-chT 1st League Men 2018"]
[Site "Valjevo"]
[Date "2018.09.10"]
[Round "11"]
[White "Banusz, Tamas"]
[Black "Perunovic, Milos"]
[Result "1/2-1/2"]
[WhiteElo "2618"]
[BlackElo "2601"]
[Annotator "TA"]
[PlyCount "34"]
[EventDate "2018.08.31"]
[EventType "team-tourn"]
[EventCountry "SRB"]
[SourceTitle "playchess.com"]
[Source "ChessBase"]
[SourceQuality "1"]

{[%evp 12,14,10,2,7]} 1. d4 Nf6 2. Nf3 e6 3. Bf4 b6 4. e3 Bb7 5. Be2 Be7 6. h3 O-O 7. O-O {LiveBook: 42 Games} c5 {A47: 1 d4 Nf6 2 Nf3 b6: Torre, London and Colle Systems} (7... d6 8. c4 Nbd7 9. Nc3 Re8 10. Qc2 Bf8 11. Rfd1 Qc8 12. Bh2 e5 13. Rac1 g6 14. b4 Bg7 15. Qb3 h6 {1-0 (26) Grischuk,A (2795)-Kosteniuk,A (2541) Sochi 2014}) {Predecessor:} 8. Nbd2 $146 Nc6 9. c3 d5 10. a4 Bd6 11. Bxd6 Qxd6 12. Qb3 Rab8 13. Rfd1 Rfd8 14. Bb5 Ne7 15. Ne5 a6 16. Be2 Nd7 17. Nxd7 Rxd7 {½-½ (63) Seliverstov,V (2464)-Korotylev,A (2573) Moscow 2017} 1/2-1/2

[Event "SRB-chT 1st League Men 2018"]
[Site "Valjevo"]
[Date "2018.09.10"]
[Round "11"]
[White "Nikolic, Predrag"]
[Black "Strikovic, Aleksa"]
[Result "1/2-1/2"]
[WhiteElo "2584"]
[BlackElo "2483"]
[Annotator "TA"]
[PlyCount "33"]
[EventDate "2018.08.31"]
[EventType "team-tourn"]
[EventCountry "SRB"]
[SourceTitle "playchess.com"]
[Source "ChessBase"]
[SourceQuality "1"]

{[%evp 14,15,19,11]} 1. d4 d5 2. c4 c6 3. e3 Nf6 4. Nc3 e6 5. Nf3 Bd6 6. Bd3 Nbd7 7. O-O O-O 8. b3 {LiveBook: 53 Partien} {Vorgänger:} Re8 $146 9. Qc2 e5 10. cxd5 cxd5 11. Nb5 Bb8 12. dxe5 Nxe5 13. Nxe5 Bxe5 14. Bb2 Bd7 15. Bxe5 Rxe5 16. Nd4 Rc8 17. Qb2 {1-0 (72) Kovalenko,I (2684)-Muzychuk,A (2558) Caleta 2017} 1/2-1/2

[Event "SRB-chT 1st League Men 2018"]
[Site "Valjevo"]
[Date "2018.09.10"]
[Round "11"]
[White "Svetushkin, Dmitry"]
[Black "Milanovic, Danilo"]
[Result "1-0"]
[WhiteElo "2580"]
[BlackElo "2469"]
[Annotator "TA"]
[PlyCount "81"]
[EventDate "2018.08.31"]
[EventType "team-tourn"]
[EventCountry "SRB"]
[SourceTitle "playchess.com"]
[Source "ChessBase"]
[SourceQuality "1"]

{[%evp 13,81,25,38,22,29,27,60,1,30,-41,82,79,91,89,93,59,123,126,131,59,109,68,110,49,93,95,68,43,100,85,90,84,85,38,84,79,79,81,152,140,155,133,232,239,232,247,242,242,247,233,288,248,249,239,330,319,313,249,433,427,511,313,464,391,481,476,478,474,488,477]} 1. e4 d5 2. exd5 Qxd5 3. Nc3 Qd8 4. d4 Nf6 5. Nf3 c6 6. Bc4 b5 {B01: Scandinavian Defence} (6... Bf5 7. O-O e6 8. Bd3 Bg6 9. Bf4 Nbd7 10. Ne2 Nh5 11. Be3 Bd6 12. c4 Nhf6 13. Ng3 Bxd3 14. Qxd3 O-O 15. Ne4 Nxe4 16. Qxe4 h6 17. Rfd1 Qf6 18. h3 Rfe8 19. Rac1 Rad8 20. Qc2 {½-½ (20) Alekseev,E (2653)-Usmanov,V (2462) Sochi 2015}) 7. Bb3 e6 {LiveBook: 33 Games} 8. Ne5 a5 {The position is equal.} 9. a3 Be7 $146 ({Predecessor:} 9... a4 10. Ba2 Be7 11. Qf3 Ra6 12. Be3 O-O 13. O-O Nd5 14. Ne4 {1-0 (29) Alavkin,A (2464)-Terekhin,A (2300) Kazan 2009}) 10. Qf3 (10. O-O $14) 10... Ra6 11. Bf4 (11. Be3 $11) 11... Rb6 (11... a4 $15 12. Ba2 O-O) 12. O-O $16 O-O 13. Rad1 Bb7 14. Qh3 Na6 (14... Nbd7 $14) 15. Rfe1 Nc7 16. Bd2 (16. Rd3 $16) 16... Ra6 17. Ne2 Ncd5 18. Nd3 (18. c4 $16 bxc4 19. Bxc4) 18... Qc7 {[#]} 19. c3 $1 Raa8 20. Nef4 Rad8 (20... Bd6 $14 21. Qh4 Rfe8) 21. Bc2 Bc8 22. Qg3 Bd6 23. Qh4 (23. Ne5 {looks sharper.} Nxf4 24. Qxf4 Nd5 25. Qh4 f5 26. a4) 23... Nxf4 24. Bxf4 Bxf4 25. Nxf4 Rfe8 ({Better is} 25... h6) 26. Re5 Qe7 27. Nh5 Nxh5 {[#]} (27... h6 $16 {might work better.} 28. Nxf6+ Qxf6) 28. Bxh7+ $1 $18 {[%mdl 512]} Kf8 ({Inferior is} 28... Kxh7 29. Rxh5+ Kg6 30. Qg4+ Kf6 31. Qg5#) 29. Qxh5 {And now Rd3 would win.} Qf6 30. Be4 $40 {[%mdl 128] White wants a kill.} Rd6 31. Rd3 {Threatens to win with Rf3.} g6 32. Qe2 Kg7 33. Rf3 Qh4 34. Qe3 Rh8 35. h3 f6 $2 (35... f5 {was worth a try.} 36. Bd3 Qf6) 36. Rc5 Bd7 37. Rg3 Be8 (37... f5 $142 38. Bf3 e5) 38. Qf3 Qh6 39. Bxc6 {White is clearly winning.} Qc1+ 40. Kh2 {aiming for Bxe8.} Bxc6 41. Rxc6 {Precision: White = 52%, Black = 31%.} 1-0

[Event "SRB-chT 1st League Men 2018"]
[Site "Valjevo"]
[Date "2018.09.10"]
[Round "11"]
[White "Miladinovic, Igor"]
[Black "Sedlak, Nikola"]
[Result "1/2-1/2"]
[WhiteElo "2545"]
[BlackElo "2587"]
[Annotator "TA"]
[PlyCount "32"]
[EventDate "2018.08.31"]
[EventType "team-tourn"]
[EventCountry "SRB"]
[SourceTitle "playchess.com"]
[Source "ChessBase"]
[SourceQuality "1"]

{[%evp 17,32,0,0,0,8,0,2,0,0,-12,-9,-11,0,0,0,0,0]} 1. d4 Nf6 2. Bg5 e6 3. e3 c5 4. c3 cxd4 5. exd4 Be7 6. Nd2 b6 7. Ngf3 Bb7 8. Bd3 d6 9. Bxf6 {A47: 1 d4 Nf6 2 Nf3 b6: Torre, London and Colle Systems} (9. Nf1 Nbd7 10. Ng3 Qc7 11. Qe2 h6 12. Bd2 O-O 13. O-O Rfe8 14. Rae1 Bf8 15. Qd1 e5 16. Nh4 exd4 17. cxd4 {1-0 (41) Andreikin,D (2710)-Tkachiev,V (2637) Warsaw 2013 CBM 158 [Andreikin,D]}) 9... Bxf6 {LiveBook: 30 Games. The position is equal.} 10. O-O Nd7 11. a4 a6 12. Re1 $146 ({Predecessor:} 12. Be4 Bxe4 13. Nxe4 d5 14. Nxf6+ {½-½ (14) Miladinovic,I (2565)-Spasov,V (2605) Poros 1998}) 12... O-O 13. Be4 Bxe4 14. Nxe4 d5 15. Nxf6+ Nxf6 16. Ne5 Nd7 1/2-1/2